000
00317nam a2200133Ia 4500
008
240624s9999 xx 000 0 und d
041
_a
eng
082
_a
005.133 GAR
100
_a
GARDENER MARK
245
_a
ESSENTIAL R REFERENCE
260
_c
2013
_a
New Delhi
_b
Wiley India
300
_a
576 : p.
365
_c
RS
_b
31
999
_c
22927
_d
22927